| 000 | 00491nam a22001697a 4500 | ||
|---|---|---|---|
| 003 | OSt | ||
| 005 | 20140310182213.0 | ||
| 008 | 130906t xxu||||| |||| 00| 0 eng d | ||
| 050 |
_aTX 741 _b.D134 1994 |
||
| 082 |
_aHS 641.8 _bDa14 1994 |
||
| 245 |
_aDairy gourmet : _bcookbook, engagement calendar / |
||
| 260 |
_aS. I. : _bPhilippine Dairy Products Corp, _cc1994. |
||
| 300 |
_a188 p. : _bill. (some col.) ; _c24 cm. |
||
| 650 |
_aDesserts. _916255 |
||
| 942 |
_2lcc _cHS |
||
| 999 |
_c10524 _d10524 |
||